MAASAI MARA UNIVERSITY

LIBRARY CATALOGUE

Contact Us: +254 020 2685356/7 or 0774 057787

Box: 861-20500, NAROK, KENYA

Email: info@mmarau.ac.ke

Multipurpose tree species research for small farms : (Record no. 16742)

MARC details
000 -LEADER
fixed length control field 01604nam a22003377a 4500
003 - CONTROL NUMBER IDENTIFIER
control field OSt
005 - DATE AND TIME OF LATEST TRANSACTION
control field 20210218151144.0
008 - FIXED-LENGTH DATA ELEMENTS--GENERAL INFORMATION
fixed length control field 160321b xxu||||| |||| 00| 0 eng d
010 ## - LIBRARY OF CONGRESS CONTROL NUMBER
LC control number 90003306
020 ## - INTERNATIONAL STANDARD BOOK NUMBER
International Standard Book Number 0933595344
040 ## - CATALOGING SOURCE
Original cataloging agency MMU
Transcribing agency MMU
Modifying agency MMU
Language of cataloging eng
043 ## - GEOGRAPHIC AREA CODE
Geographic area code a------
050 00 - LIBRARY OF CONGRESS CALL NUMBER
Classification number SB172
Item number .M87 1990
082 00 - DEWEY DECIMAL CLASSIFICATION NUMBER
Classification number 634.9
Edition number 20
245 00 - TITLE STATEMENT
Title Multipurpose tree species research for small farms :
Remainder of title strategies and methods : proceedings of an international conference held November 20-23, 1989 in Jakarta, Indonesia /
Statement of responsibility, etc. editors, Christine Haugen, Lee Medema, Celso B. Lantican ; co-sponsors, Winrock International Institute for Agricultural Development, International Development Research Centre of Canada, Ministry of Forestry of Indonesia.
260 ## - PUBLICATION, DISTRIBUTION, ETC. (IMPRINT)
Place of publication, distribution, etc. Arlington, Va. :
Name of publisher, distributor, etc. Forestry/Fuelwood Research and Development Project ;
Place of publication, distribution, etc. Ottawa :
Name of publisher, distributor, etc. International Development Research Centre of Canada,
Date of publication, distribution, etc. 1990.
300 ## - PHYSICAL DESCRIPTION
Extent 217 p. :
Other physical details ill. ;
Dimensions 25 cm.
440 #0 - SERIES STATEMENT/ADDED ENTRY--TITLE
Title Multipurpose tree species network proceedings series ;
Volume/sequential designation no. 7
504 ## - BIBLIOGRAPHY, ETC. NOTE
Bibliography, etc Includes bibliographical references.
650 #0 - SUBJECT ADDED ENTRY--TOPICAL TERM
Topical term or geographic name as entry element Multipurpose trees
Geographic subdivision Asia
General subdivision Congresses.
650 #0 - SUBJECT ADDED ENTRY--TOPICAL TERM
Topical term or geographic name as entry element Farms, Small
Geographic subdivision Asia
General subdivision Congresses.
700 1# - ADDED ENTRY--PERSONAL NAME
Personal name Haugen, Christine.
700 1# - ADDED ENTRY--PERSONAL NAME
Personal name Medema, Lee.
700 1# - ADDED ENTRY--PERSONAL NAME
Personal name Lantican, Celso B.
710 2# - ADDED ENTRY--CORPORATE NAME
Corporate name or jurisdiction name as entry element Winrock International Institute for Agricultural Development.
710 2# - ADDED ENTRY--CORPORATE NAME
Corporate name or jurisdiction name as entry element International Development Research Centre (Canada)
710 1# - ADDED ENTRY--CORPORATE NAME
Corporate name or jurisdiction name as entry element Indonesia.
Subordinate unit Departemen Kehutanan.
906 ## - LOCAL DATA ELEMENT F, LDF (RLIN)
a 7
b cbc
c orignew
d 1
e ocip
f 19
g y-gencatlg
942 ## - ADDED ENTRY ELEMENTS (KOHA)
Source of classification or shelving scheme Library of Congress Classification
Koha item type L
Holdings
Withdrawn status Lost status Source of classification or shelving scheme Damaged status Not for loan Home library Current library Date acquired Source of acquisition Total Checkouts Full call number Barcode Date last seen Price effective from Koha item type
    Library of Congress Classification     Maasai Mara University Library -Main Campus Maasai Mara University Library -Main Campus 03/21/2016 Donation   SB172 .M87 1990 20102835 03/21/2016 03/21/2016 L
© 2016 Maasai Mara University.